000 00426nam a2200157Ia 4500
003 OSt
005 20230601163213.0
008 211028s2012 xx 000 0 und d
040 _cAIMIT LIBRARY
041 _aeng
100 _aNonis, Chrysil Martina; Thomas, C G.
_98342
_e101908
110 _aThomas C G
_98343
245 _aGRC (governance risk and compliance) libraries.
260 _aMangalore
_c2012
942 _2ddc
_cPRO
999 _c219840
_d219840